000 00612nam a22001937a 4500
005 20171114114352.0
010 _aENG-121383
020 _a9788178243603
_c545.00
035 _aEN-104915
037 _bDBAD/PUB
082 _a297.0954
245 _aIslam in South Asia :
_cedited by Barbara D. Metcalf
_bin practice /
260 _aRanikhet
_bPermanent Black
_c2012
270 _aHimalayana, Mall Road, Ranikhet Cantt,
_bRanikhet
_e263645
300 _axxvii,474p.:
_c22cm(pbk)
_bill.(maps)
500 _a Includes index
700 _a Metcalf,Barbara D.
942 _2ddc
_cEN
_mISL
_h297.0954
999 _c147400
_d147400